Dievča zo záhrady

Podrobná bibliografia
Hlavní autori: Ťapajová, Elena, 1944-2023 (Autor), Šulajová, Zuzana, 1978- (Autor)
Médium: Článok
Jazyk:slovenčina
Fyzický popis:Fotogr. 2
ISSN:0231-6676
Predmet:

MARC

LEADER 00000nab a2200000 a 4500
001 vtls000579347
003 SK-MaSNL
005 20260303201755.0
008 120930c1996 xo 0 slo
015 |a SNBRB19rr/mm-uuuuu 
035 |a CL0579485 
040 |a SNKBUCL  |b slo  |c SNKBUCL  |e AACR2 
041 0 |a slo 
044 |a xo  |c SK 
080 |a 792.071.2  |2 1981 
080 |a 791.44.071.2  |2 1981 
100 1 |a Ťapajová, Elena,  |d 1944-2023  |4 aut  |9 5234 
245 1 0 |a Dievča zo záhrady  |c Zuzana Šulajová, Elena Ťapajová 
300 |b Fotogr. 2 
600 1 7 |a Šulajová, Zuzana,  |d 1978-  |2 snkbucl  |9 124738 
655 7 |a rozhovory  |2 snkbucl  |9 31831 
655 7 |a články z novín a časopisov  |2 snkbucl  |9 267496 
700 1 |a Šulajová, Zuzana,  |d 1978-  |4 aut  |9 124738 
773 0 |t Slovenka  |g Roč. 49, č. 12 (1996), s. 3  |x 0231-6676 
850 |a Slovenská národná knižnica v Martine  |a MTA001 
852 |a SNK  |b KIS3GCP 
958 |a RK 
992 |a RBX 
999 |c 2176049  |d 2177979